Celebrity Rhyme Time Quiz Stats

 Plays Quiz Updated Oct 14, 2018

Also try: Rhyme Time
Challenge
Share
Tweet
Embed
Score 0/16 Timer 05:00
1 Play Today
Hint Answer % Correct
Britney's Heinekens and MichelobsSpears' Beers
92.5%
Deflated DamonFlat Matt
88.7%
Nicholson's pantsJack's Slacks
87.9%
Blanchett's wooden boxesCate's Crates
84.4%
Degeneres' criminalsEllen's Felons
84.2%
Beatles drummer's Australia wild dogsRingo's dingoes
83.9%
Forrest Gump's financial institutionsHanks' Banks
82.7%
Seinfeld's tinkerbellsJerry's fairies
78.4%
Hint Answer % Correct
Disinterested Han SoloBored Ford
75.6%
Shields' thievesBrooke's Crooks
75.4%
Angelina's ex's facial blemishesPitt's Zits
73.2%
Eastwood's words to wiseClint's Hints
70.1%
Demi's Pergo and ceramic tileMoore's Floors
67.4%
Dirty Dancing Jennifer's water inletsGrey's Bays
44.3%
Golden Girl's dance legwearWhite's Tights
40.2%
Precipitous Oscar winning MerylSteep Streep
32.2%

You're not logged in!

Compare scores with friends on all Sporcle quizzes.
OR
Log In

You Might Also Like...

Show Comments

Extras

Top Quizzes Today


Score Distribution

Your Account Isn't Verified!

In order to create a playlist on Sporcle, you need to verify the email address you used during registration. Go to your Sporcle Settings to finish the process.

Report this User

Report this user for behavior that violates our Community Guidelines.

Details: